000 01117cam a22003251 4500
001 gs 55000308
003 DLC
005 20260227111403.0
008 760218s1955 azu b s000 0 engx
010 _ags 55000308
035 _a(OCoLC)1999006
040 _aDLC
_cAzFU
_dOCoLC
_dDLC
042 _apremarc
050 0 0 _aQE375
_b.M6
051 _aTN24.A6
_bA35 no. 165
_cCopy 2.
086 0 _aMN 1.3:B 85/165
_2azdocs
100 1 _aMoore, Richard T
245 1 0 _aOne hundred Arizona minerals.
260 _aTucson,
_bUniversity of Arizona,
_c1955.
300 _a31 p.
_c23 cm.
490 1 _aArizona. Bureau of Mines. Bulletin
_vno. 165
490 1 _aMineral technology series
_vno. 49
500 _aReprinted 1966.
500 _aUniversity of Arizona bulletin, v. 26, no. 1, Jan. 1955.
504 _aBibliography: p.31.
650 0 _aMineralogy
_zArizona.
810 2 _aUniversity of Arizona.
_bState Bureau of Mines.
_tBulletin ;
_vno. 165.
810 2 _aUniversity of Arizona.
_bState Bureau of Mines.
_tMineral technology series ;
_vno. 49.
830 0 _aBulletin (University of Arizona) ;
_vv. 26, no. 1.
999 _c28997
_d28997